MARC

LEADER 00000nam0a2200000 4500
001 368030
005 20231102012037.0
035 |a (RuTPU)RU\TPU\retro\25393 
090 |a 368030 
100 |a 20220329d1979 km y0rusy50 ca 
101 0 |a rus 
102 |a RU 
105 |a a z 001zy 
200 1 |a Некоторые проблемы физики радиационных повреждений материалов  |f Академия наук Украинской ССР ; Харьковский физико-технический институт ; под ред. В. Е. Иванова 
210 |a Киев  |c Наукова думка  |d 1979 
215 |a 240 с.  |c ил. 
320 |a Библиогр.: с. 214-237 
606 1 |a Конструкционные материалы  |x Действие ионизирующих излучений  |2 stltpush  |3 (RuTPU)RU\TPU\subj\15452  |9 41691 
610 1 |a радиационные повреждения 
610 1 |a радиационная стойкость 
610 1 |a реакторные материалы 
610 1 |a радиационное материаловедение 
610 1 |a радиационное упрочнение 
610 1 |a охрупчивание 
675 |a 621.039.53  |v 4 
702 1 |a Иванов  |b В. Е.  |4 340 
712 0 2 |a Академия наук Украинской ССР  |c (1936-1991)  |2 stltpush  |3 (RuTPU)RU\TPU\col\332  |9 23357 
712 0 2 |a Харьковский физико-технический институт  |2 stltpush  |3 (RuTPU)RU\TPU\col\15627  |9 26197 
801 1 |a RU  |b 63413507  |c 20220329 
942 |c BK